000 00609nam a22002297a 4500
003 UA-OsUOA
001 91407
007 ta
008 20121128b un ||||| |||| 00| 0 ukr d
100 _aТичина П.
090 _a821.161.2
_bТ46
942 _cBK
040 _aUA-OsUOA
_bukr
_cUA-OsUOA
_dUA-OsUOA
245 _aТополі арфи гнуть
_bвибране
300 _a262 с.
955 _a3
041 _aukr
080 _a821.161.2
260 _aК.
_bДержхудвидав
_c1963
650 7 _a82 Література. Літературознавство
_2UDC
999 _c377666
_d377666